[Event "Sevastopol Waltz Blitz"]
[Site "Sevastopol"]
[Date "2023.06.29"]
[Round "7"]
[White "Pischal, Yulia"]
[Black "Togobitsky, Andrey"]
[Result "1-0"]
[WhiteElo "1952"]
[BlackElo "1344"]
[PlyCount "83"]
[EventDate "2023.06.29"]
[EventType "swiss (blitz)"]
[EventRounds "13"]
[EventCountry "UKR"]
[SourceTitle "CBM 215 Extra"]
[Source "ChessBase"]
[SourceDate "2023.09.30"]
[SourceVersion "1"]
[SourceVersionDate "2023.09.30"]
[SourceQuality "1"]

1. e4 c5 2. Nc3 g6 3. g3 Bg7 4. Bg2 e6 5. f4 Ne7 6. Nf3 d5 7. e5 a6 8. d3 b5 9. a3 Nbc6 10. 0-0 Bb7 11. h3 Qb6 12. Kh2 b4 13. axb4 cxb4 14. Na4 Qc7 15. Be3 d4 16. Bf2 Nf5 17. Re1 0-0 18. g4 Nfe7 19. Nxd4 Nxd4 20. Bxb7 Qxb7 21. Bxd4 Nd5 22. Qf3 Qb5 23. c4 bxc3 24. bxc3 Qb3 25. c4 Nb4 26. Nc5 Nc2 27. Nxb3 Nxe1 28. Rxe1 Rab8 29. Na5 Rfc8 30. Re2 Bf8 31. Rb2 Bb4 32. Nc6 Rb7 33. Rxb4 Rbc7 34. Rb6 a5 35. Bc3 a4 36. Bb4 Ra8 37. Ba3 Rac8 38. Ne7+ Rxe7 39. Bxe7 Rc7 40. Rb8+ Kg7 41. Bf6+ Kh6 42. g5# 1-0

[Event "Sevastopol Waltz Rapid"]
[Site "Sevastopol"]
[Date "2023.06.27"]
[Round "8"]
[White "Togobitsky, Andrey"]
[Black "Khvorost, Ivan Vit"]
[Result "1/2-1/2"]
[WhiteElo "1344"]
[BlackElo "1358"]
[PlyCount "46"]
[EventDate "2023.06.26"]
[EventType "swiss (rapid)"]
[EventRounds "11"]
[EventCountry "UKR"]
[SourceTitle "CBM 215 Extra"]
[Source "ChessBase"]
[SourceDate "2023.09.30"]
[SourceVersion "1"]
[SourceVersionDate "2023.09.30"]
[SourceQuality "1"]

1. e4 c5 2. c3 d5 3. exd5 Qxd5 4. d4 cxd4 5. cxd4 Nc6 6. Nf3 Bg4 7. Be2 e5 8. dxe5 Bxf3 9. Bxf3 Qxe5+ 10. Qe2 Qxe2+ 11. Bxe2 Bb4+ 12. Bd2 Nf6 13. 0-0 0-0 14. Bxb4 Nxb4 15. Nc3 h6 16. a3 Nc6 17. h3 Rfe8 18. Bf3 Nd4 19. Bxb7 Rab8 20. Rad1 Rxb7 21. Rxd4 Rxb2 22. Nd5 Nxd5 23. Rxd5 Reb8 1/2-1/2

[Event "Sevastopol Waltz op"]
[Site "Sevastopol"]
[Date "2023.06.20"]
[Round "4"]
[White "Togobitsky, Andrey"]
[Black "Baranov, Jury"]
[Result "1/2-1/2"]
[WhiteElo "1344"]
[BlackElo "2110"]
[PlyCount "104"]
[EventDate "2023.06.17"]
[EventType "swiss"]
[EventRounds "9"]
[EventCountry "UKR"]
[SourceTitle "CBM 214 Extra"]
[Source "ChessBase"]
[SourceDate "2023.07.31"]
[SourceVersion "1"]
[SourceVersionDate "2023.07.31"]
[SourceQuality "1"]

1. e4 c6 2. Nf3 d5 3. Nc3 Bg4 4. h3 Bxf3 5. Qxf3 e6 6. d3 Nf6 7. Bg5 Nbd7 8. d4 Qa5 9. Bd2 dxe4 10. Nxe4 Bb4 11. c3 Be7 12. Bd3 0-0 13. 0-0 Nxe4 14. Qxe4 Nf6 15. Qe2 Qd5 16. Be3 Rfe8 17. c4 Qd6 18. Rad1 Bd8 19. g3 h6 20. Bf4 Qe7 21. Bb1 Bc7 22. Bd2 e5 23. dxe5 Bxe5 24. b3 Qd7 25. Kg2 Qc7 26. Qf3 Rad8 27. Be3 b6 28. Rfe1 c5 29. Qf5 Rxd1 30. Rxd1 Bxg3 31. Bxh6 gxh6 32. Qxf6 Qf4 33. Qxf4 Bxf4 34. Kf3 Be5 35. Rg1+ Kf8 36. Bh7 Bg7 37. Be4 Re6 38. Rg4 Be5 39. Bd5 Rf6+ 40. Ke4 Bd6 41. f4 Ke7 42. f5 Kf8 43. Rg2 h5 44. Rg5 Rh6 45. Rg2 h4 46. Rg4 Bg3 47. Kf3 Rf6 48. Ke4 a6 49. Rg5 Rh6 50. Kf3 Be5 51. Kg4 Rh8 52. Rh5 Rg8+ 1/2-1/2

[Event "Sevastopol Waltz op"]
[Site "Sevastopol"]
[Date "2023.06.17"]
[Round "1"]
[White "Khruschiov, Alexey"]
[Black "Togobitsky, Andrey"]
[Result "1-0"]
[WhiteElo "2344"]
[BlackElo "1344"]
[PlyCount "78"]
[EventDate "2023.06.17"]
[EventType "swiss"]
[EventRounds "9"]
[EventCountry "UKR"]
[SourceTitle "CBM 214 Extra"]
[Source "ChessBase"]
[SourceDate "2023.07.31"]
[SourceVersion "1"]
[SourceVersionDate "2023.07.31"]
[SourceQuality "1"]

1. d4 d5 2. c4 c6 3. Nf3 Nf6 4. Nc3 e6 5. Bg5 Be7 6. e3 0-0 7. Qc2 Nbd7 8. a3 a5 9. cxd5 exd5 10. Bd3 Re8 11. 0-0 h6 12. Bf4 Nh5 13. Nxd5 Nxf4 14. Nxf4 Bd6 15. Rad1 Qc7 16. g3 Nf6 17. Bf5 Bxf4 18. gxf4 g6 19. Bd3 Bg4 20. Ne5 Rxe5 21. fxe5 Bf3 22. Be2 Be4 23. Qd2 Nh7 24. f3 Bf5 25. e4 Bh3 26. Qxh6 Bxf1 27. Bxf1 Qb6 28. Bc4 Nf8 29. Qd2 Kg7 30. f4 Qd8 31. Qf2 Nd7 32. Kh1 b5 33. Bb3 a4 34. Bc2 b4 35. f5 b3 36. Bd3 Ra5 37. f6+ Kf8 38. Qd2 Ra7 39. Bc4 Nb6 1-0